| 000 | 01033nas a2200325 4500 | ||
|---|---|---|---|
| 001 | BR2014005447 | ||
| 003 | BR-BrBNA | ||
| 005 | 20231205124432.0 | ||
| 007 | ta | ||
| 008 | 230509b bl.|||p| |||| 00| 00por d | ||
| 040 |
_aBR-BrBNA _bpor _cBiblioteca Nacional de Agricultura |
||
| 041 | _a(En) | ||
| 072 | _aL73 | ||
| 100 | 1 | _aScanavini Neto, H. | |
| 100 | 1 | _aIto, N.M.K. | |
| 100 | 1 | _aMiyaji, C.I. | |
| 100 | 1 | _aLima, E. de A. | |
| 100 | 1 | _aOkabayashi, S. | |
| 100 | 1 | _aCorrea, A.R.A. | |
| 100 | 1 | _aEleutério, G.C. | |
| 100 | 1 | _aZuanaze, M.A. | |
| 245 | 1 | _aInfectious bursal disease virus: case report and experimental studies in vaccinated and unvaccinated SPF chickens and commercial broiler chicks | |
| 650 | _aHISTOPATOLOGIA | ||
| 650 | _aPATOGENICIDADE | ||
| 650 | _aSORO | ||
| 650 | _aDOENÇA DE GUMBORO | ||
| 773 | 0 |
_tBrazilian Journal of Poultry Science (Brazil) _xISSN 1516-635X _g(Jan- Mar 2004), v. 6(1) p. 41-54 _wBR2014005447 |
|
| 909 |
_a202311 _bLúcia _c55 _dLúcia Elande |
||
| 942 |
_2AGRIS _n0 _cANA |
||
| 999 |
_c239070 _d239070 |
||